000 01035nam a2200229Ii 4500
003 JO-AjNU
008 230605s9999||||xx |||||||||||||| ||und||
017 _a2010/1/36
020 _a978-9957-479-39-8
040 _aJO-AjNU
_bara
_erda
_cJO-AjNU
041 _aara
050 1 4 _aHD30.15.K532.2011
100 3 _aتأليف الخالدي، إبراهيم بدر شهاب,
_eauthor
_927543
245 0 0 _aمعجم الإدارة : موسوعة إدارية شاملة لمصطلحات الإدارة العامة وإدارة الأعمال 
250 _aط1
264 3 1 _aعمان: دار أسامة للنشر والتوزيع،2011
300 _a640ص
_bيشتمل على مراجع ببلوغرافية باللغة العربية واللغة الانجليزية ص(581-590)
336 _atext
_btxt
_2rdacontent
337 _aunmediated
_bn
_2rdamedia
338 _avolume
_bnc
_2rdacarrier
650 4 _aإدارة الأعمال -- معجم مصطلحات -- الإدارة العامة -- معجم مصطلحات
_927544
999 _aA10576
_c14144
_d14144